Trudny quiz o państwach#4 - Statystyki

Ogólne statystyki
  • Ten quiz został rozwiązany 15 razy
    5 od ostatniego zresetowania
  • Średni wynik to 5 z 10
Statystyki odpowiedzi
Pytanie Odpwiedź % Poprawnych
Jakim krajem rządziło ugrupowanie czerwonych khmerów Kambodża
100%
To państwo straciło dostęp do morza po wojnie o saletrę ( wojnie o Pacyfik) Boliwia
75%
W jakim państwie znajduje się jezioro Maracaribo Wenezuela
75%
W tym państwie znajduje się drugi najwyższy wodospad świata Republika Południowej Afryki
50%
W jakim państwie znajduje się czwarty najstarszy uniwersytet w Europie Włochy
50%
To państwo znajduje się na szóstym miejscu pod względem najmłodszej populacji Demokratyczna Republika Konga
25%
W jakim państwie znajduje się trzeci największy zbiornik wodny Egipt
25%
Waluta tego państwa to Naira Nigeria
25%
W jakim państwie znajdują się Alpy Południowe Nowa Zelandia
25%
W jakim państwie znajduje się druga najwyższa zapora na świecie Tadżykistan
0%
Nie znaleziono quizów pasujących do podanych kryteriów
Rozkład punktacji
Procent ludzi z każdym wynikiem
Percentyl według liczby udzielonych odpowiedzi
Twoja historia wyników
Nie rozwiązałeś tego quizu od ostatniego zresetowania